Vízie a ilúzie : eseje, komentáre, glosy, rozhovory 1989-1999 /

Hlavní autor: Gál, Fedor, 1945-
Jazyk: Slovenština
Vydáno: Bratislava : Kalligram, 2000
Vydání: 1. vyd.
Edice: Domino (Kalligram)
Témata:
Fyzický popis: 155 s. ; 18 cm
Knihy
Uloženo v:
LEADER 01238nam a2200373 a 4500
001 000569405
003 CZ BrMZK
005 20181210140738.0
007 ta
008 000115s2000 xo e slo d
020 |a 80-7149-327-9 
040 |a BOA001  |b cze 
043 |a e-xo--- 
045 |a x8x9 
072 7 |a 316.7  |x Sociologie kultury. Kulturní život  |2 Konspekt  |9 1 
080 |a 316.72/.75  |2 MRF 
080 |a (437.6)  |2 MRF 
080 |a (0:82-4)  |2 MRF 
100 1 |a Gál, Fedor,  |d 1945-  |7 jn19990209203  |4 aut 
245 1 0 |a Vízie a ilúzie :  |b eseje, komentáre, glosy, rozhovory 1989-1999 /  |c Fedor Gál 
250 |a 1. vyd. 
260 |a Bratislava :  |b Kalligram,  |c 2000 
300 |a 155 s. ;  |c 18 cm 
490 1 |a Domino 
541 |a Martin, Slovenská národná knižnica 
648 4 |a 1989-1999 
650 0 7 |a kultura a společnost  |7 ph122010  |z Slovensko  |y 20. stol.  |2 czenas 
651 7 |a Slovensko  |7 ge128580  |x společenské poměry  |y 20. stol.  |2 czenas 
655 7 |a fejetony  |7 fd132252  |2 czenas 
655 7 |a úvahy  |7 fd134000  |2 czenas 
830 0 |a Domino (Kalligram)  |0 s 
910 |a BOA001  |b 1-1089.591 
990 |a BK 
996 7 |b 2610141575  |c 1-1089.591  |l MZK  |r Sklad / do 1 hodiny  |n 4  |p vým  |w 000569405  |u 000010  |a 1  |e BOA001  |j MZK50  |s A